| 000 | 00876nmc a2200313 a 4500 | ||
|---|---|---|---|
| 003 | AR-BaBNM | ||
| 005 | 20251128202904.0 | ||
| 008 | 287019s1962 ||||||||||||||000 | spa|| | ||
| 040 | _cAR-BaBNM | ||
| 100 | 1 |
_aSarmiento, Domingo Faustino _d1811-1888 |
|
| 245 | 1 | 0 |
_aCampaña en el Ejército Grande _bselección |
| 260 |
_aBuenos Aires _bEudeba _c1962 |
||
| 300 | 0 | _a141 p. | |
| 490 | 0 |
_aSiglo y medio _vv. 44 |
|
| 650 | 4 | _aHISTORIA POLITICA ARGENTINA | |
| 650 | 4 | _aMEMORIAS | |
| 650 | 4 | _aLITERATURA ARGENTINA | |
| 650 | 4 | _aROSAS Y SU TIEMPO | |
| 650 | 4 | _aCORRESPONDENCIA | |
| 650 | 4 | _aHISTORIA SUDAMERICANA | |
| 650 | 4 | _aORGANIZACION NACIONAL | |
| 651 | 4 | _aArgentina | |
| 653 | 0 | _aRELATOS HISTORICOS | |
| 653 | 0 | _aFUENTES HISTORICAS | |
| 700 | 1 |
_aFernández, Javier _eprologuista |
|
| 700 | 1 |
_aObelar, Pablo _eilustrador |
|
| 942 | _cBK | ||
| 998 | _cmariana | ||
| 999 |
_c1060 _d1060 |
||